| 000 | 00401nam a2200145Ia 4500 | ||
|---|---|---|---|
| 008 | 151213s9999 xx 000 0 und d | ||
| 100 | _aMd . Abul Khair | ||
| 245 |
_aUnited State of Foreign Policy In Indo - Pakistan _cMd . Abul Khair |
||
| 260 |
_aDhaka _bAsiatic Socitey _c1968 |
||
| 300 | _a7187 p. | ||
| 650 | _aBangla | ||
| 650 | _aBangla Literature | ||
| 700 | _aMd . Abul Khair | ||
| 999 |
_c3825 _d3825 |
||